000 003130000a22000970004500
100 1 _aRhenan Segura, Jorge
245 1 0 _aEl sistema interamericano de promoción y protección de los Derechos Humanos
300 _aVol. 1, Num 1 (Julio, 1985), Páginas 24-28
773 0 _tCuardernos de derechos humanos
942 _cANA
999 _c53456
_d53456